000 00396nam a2200145Ia 4500
008 230917s9999||||xx |||||||||||||| ||und||
040 _e169679
_aMAIN
041 _aEnglish
082 _a891.432741 SS64N
100 _aहरसरन सिंह
245 0 _aनिजाम सक्का
260 _aदिल्ली
_bविवेक
_c1979
300 _a87 पृ. p.
942 _cHN
999 _c199040
_d199040